RAW data for ecological survey on the Balik Pulau & Pantai Acheh mangrove forest
| Corporate Author: | |
|---|---|
| Format: | Book |
| Published: |
(Pulau Pinang :
Universiti Sains Malaysia) ,
2002
|
| Subjects: |
MARC
| LEADER | 00000cam a2200000 7i4500 | ||
|---|---|---|---|
| 001 | 0000002797 | ||
| 005 | 20040114.0 | ||
| 090 | 0 | 0 | |a R577.698095951113 |b RAW 2002 |
| 245 | 0 | 0 | |a RAW data for ecological survey on the Balik Pulau & Pantai Acheh mangrove forest |
| 260 | 0 | 0 | |a (Pulau Pinang : |b Universiti Sains Malaysia) , |c 2002 |
| 300 | |a 161 p. ; |c 30 cm. | ||
| 650 | 0 | 0 | |a Mangrove ecology |z Pulau Pinang |
| 650 | 0 | 0 | |a Mangrove |z Pulau Pinang |
| 710 | 1 | 1 | |a Malaysia , |c Jabatan Perhutanan Pulau Pinang |
| 998 | |a JPSM | ||
| 999 | |a 0000005085 |b Monograph |c Reference |e Default branch | ||